Stolice państw Europy kończące się na N - Statystyki

Ogólne statystyki
  • Ten quiz został rozwiązany 13 611 razy
    13 581 od ostatniego zresetowania
  • Średni wynik to 4 z 5
Statystyki odpowiedzi
Stolica % Poprawnych
Berlin
88%
Londyn
82%
Dublin
71%
Tallinn
71%
Watykan
56%
Nie znaleziono quizów pasujących do podanych kryteriów
Rozkład punktacji
Procent ludzi z każdym wynikiem
Percentyl według liczby udzielonych odpowiedzi
Twoja historia wyników
Nie rozwiązałeś tego quizu od ostatniego zresetowania